Générique Yakari - Paroles - Statistiques

Statistiques générales
  • Ce quiz a été pris 369 fois
  • Le résultat moyen est 10 sur 11
Statistiques - réponses
Paroles % Correct
Petit-Tonnerre vif comme l'{éclair}
98%
Yakari {Yakari}
97%
Yakari {Yakari}
97%
Yakari et {Petit}-{Tonnerre}
93%
Yakari et {Petit}-{Tonnerre}
92%
Galopent pour aider leurs {amis}
90%
{Yakari}
86%
{Yakari}
86%
{Yakari}
86%
Les animaux de la {prairie}
68%
Il court vers son {poney}
66%
Aucun quiz correspondant
Distribution des résultats
% des personnes avec chaque résultat
Percentile par nombre de réponses
Votre historique - résultats
Vous n’avez pas pris ce quiz